Statistics for NHL Teams By Player

Click here to take the quiz!

General Stats

  • This quiz has been taken 394 times
  • The average score is 8 of 15

Answer Stats

PlayerTeam% Correct
Milan LucicBoston Bruins
89%
Corey PerryAnaheim Ducks
79%
Henrik ZetterbergDetroit Red Wings
74%
Taylor HallEdmonton Oilers
74%
Tomas HertlSan Jose Sharks
71%
Tyler JohnsonTampa Bay Lightning
58%
Evander KaneWinnipeg Jets
57%
Ryan MillerVancouver Canucks
51%
Jarome IginlaColorado Avalanche
49%
Craig SmithNashville Predators
46%
David SavardColumbus Blue Jackets
42%
Dale WeiseMontreal Canadiens
42%
Rich PeverleyDallas Stars
37%
Dominic MooreNew York Rangers
33%
Cody HodgsonBuffalo Sabres
32%

Score Distribution

Percentile by Number Answered

Percent of People with Each Score

Your Score History

You have not taken this quiz